Kinh tế và dự báo

Wedi'i Gadw mewn:
Manylion Llyfryddiaeth
Fformat: Llyfr
Iaith:Undetermined
Cyhoeddwyd: Hà Nội Bộ Kế hoạch và đầu tư 2020
Pynciau:
Tagiau: Ychwanegu Tag
Dim Tagiau, Byddwch y cyntaf i dagio'r cofnod hwn!
Thư viện lưu trữ: Trung tâm Học liệu Trường Đại học Cần Thơ
LEADER 00519nam a2200169Ia 4500
001 CTU_233085
008 210402s9999 xx 000 0 und d
082 |a 330 
082 |b K312 
245 0 |a Kinh tế và dự báo 
245 0 |c Bộ Kế hoạch và đầu tư 
260 |a Hà Nội 
260 |b Bộ Kế hoạch và đầu tư 
260 |c 2020 
650 |a Development countries,Economic conditions 
904 |i T.Trang 
980 |a Trung tâm Học liệu Trường Đại học Cần Thơ